[Event "CZE-tht Extraliga 2018-19"]
[Site "Czech Republic"]
[Date "2019.04.19"]
[Round "9.4"]
[White "Plat, Vojtech"]
[Black "Vrbata, Zbynek"]
[Result "1-0"]
[WhiteElo "2535"]
[BlackElo "2342"]
[Annotator "ChessBase"]
[PlyCount "61"]
[EventDate "2018.11.03"]
[EventType "team-tourn"]
[EventCountry "CZE"]
[SourceTitle "playchess.com"]
[Source "ChessBase"]
[SourceQuality "1"]
[WhiteTeam "Lysa nad Labem"]
[BlackTeam "Siesta B"]
[TimeControl "40/5400+30:1800+30"]

1. e4 {[%emt 0:00:00]} e6 {[%emt 0:00:00]} 2. d4 {[%emt 0:00:00]} d5 {[%emt 0:00:00]} 3. Nd2 {[%emt 0:00:00]} Nf6 {[%emt 0:00:00]} 4. e5 {[%emt 0:00:00]} Nfd7 {[%emt 0:00:02]} 5. Bd3 {[%emt 0:00:01]} c5 {[%emt 0:00:14]} 6. c3 {[%emt 0:00:05]} Nc6 {[%emt 0:00:11]} 7. Ne2 {[%emt 0:00:04]} cxd4 {[%emt 0:00:16]} 8. cxd4 {[%emt 0:00:05]} f6 {[%emt 0:00:16]} 9. Nf4 {[%emt 0:00:06]} Nxd4 {[%emt 0:00:48]} 10. Qh5+ {[%emt 0:00:06]} Ke7 {[%emt 0:00:19]} 11. exf6+ {[%emt 0:00:05]} Nxf6 {[%emt 0:00:40]} 12. Ng6+ {[%emt 0:00:03]} hxg6 {[%emt 0:00:17]} 13. Qxh8 {[%emt 0:00:04]} Kf7 {[%emt 0:00:24]} 14. Qh4 {[%emt 0:00:03]} e5 {[%emt 0:02:54]} 15. Nf3 {[%emt 0:00:13]} Nxf3+ {[%emt 0:03:52]} 16. gxf3 {[%emt 0:00:12]} Bf5 {[%emt 0:09:19]} 17. Bxf5 {[%emt 0:00:05]} gxf5 {[%emt 0:00:04]} 18. Bg5 {[%emt 0:00:05]} Qa5+ {[%emt 0:09:24]} 19. Kf1 {[%emt 0:00:33]} d4 {[%emt 0:22:10]} 20. Kg2 {[%emt 0:02:22]} Qd5 {[%emt 0:10:27]} 21. Bxf6 {[%emt 0:07:56]} gxf6 {[%emt 0:01:14]} 22. Qh5+ {[%emt 0:00:18]} Ke6 {[%emt 0:01:18]} 23. Rhg1 Bh6 {[%emt 0:03:19]} 24. Qxh6 {[%emt 0:03:08]} Rg8+ {[%emt 0:00:42]} 25. Kh3 {[%emt 0:00:09]} Qxf3+ {[%emt 0:00:49]} 26. Rg3 {[%emt 0:00:07]} Rxg3+ {[%emt 0:01:08]} 27. hxg3 {[%emt 0:00:10]} Qxf2 {[%emt 0:00:46]} 28. Qh5 {[%emt 0:02:11]} Qxb2 {[%emt 0:01:43]} 29. Qe8+ {[%emt 0:01:42]} Kd5 {[%emt 0:04:51]} 30. Qd7+ {[%emt 0:00:12]} Kc4 {[%emt 0:00:31]} 31. Rc1+ {[%emt 0:00:11] Kd5} 1-0

[Event "CZE-tht Extraliga 2018-19"]
[Site "Czech Republic"]
[Date "2019.04.19"]
[Round "9.4"]
[White "Cvek, Robert"]
[Black "Velicka, Petr"]
[Result "1-0"]
[WhiteElo "2524"]
[BlackElo "2434"]
[Annotator "TA"]
[PlyCount "111"]
[EventDate "2018.11.03"]
[EventType "team-tourn"]
[EventCountry "CZE"]
[SourceTitle "playchess.com"]
[Source "ChessBase"]
[SourceQuality "1"]
[WhiteTeam "Poruba"]
[BlackTeam "Ostrava"]

{[%evp 12,111,-34,-29,-5,-24,-25,-21,-7,-6,1,0,10,10,10,6,7,9,23,14,35,35,35,9,33,33,33,33,33,33,58,39,40,35,40,43,57,58,58,38,43,0,58,58,58,58,70,70,143,145,145,140,196,191,187,178,147,129,184,143,154,144,177,153,191,191,192,193,236,214,288,239,334,282,387,389,383,299,307,298,300,303,289,287,650,637,644,642,599,587,1821,1648,1609,1268,1750,1629,5995,5513,29978,29978,29982,29978]} 1. Nf3 c5 2. g3 Nc6 3. Bg2 e5 4. O-O d5 5. d3 Nf6 6. Bg5 Be7 7. Nfd2 O-O {A08: King's Indian Attack} (7... Ng8 8. Bxe7 Ngxe7 9. c4 Be6 10. Nc3 O-O 11. a3 Rc8 12. b4 cxb4 13. axb4 Nxb4 14. Rxa7 dxc4 15. Nxc4 Bxc4 16. dxc4 Rxc4 {0-1 (97) Carlsen,M (2840)-Karjakin,S (2785) Doha 2016}) 8. Nc3 Be6 9. Bxf6 Bxf6 {The position is equal.} 10. e4 {[%cal Re4d5]} dxe4 11. dxe4 Ne7 12. Qe2 Qb6 $146 ({Predecessor:} 12... a6 13. a4 Qc7 14. Nd5 Nxd5 15. exd5 {1-0 (43) Malecki,R (2112)-Plonczak,M (1963) Poronin 2013}) 13. Nc4 Bxc4 14. Qxc4 Qb4 15. Qb3 Rfd8 16. Rfd1 Nc6 17. Rxd8+ Rxd8 18. Nd5 Qxb3 19. axb3 a6 20. c3 Ne7 21. Ne3 Bg5 22. Nc4 Nc6 23. h4 Bh6 24. Bh3 g6 25. Nb6 Rd2 26. Nc4 Rd8 27. Kf1 Bf8 28. Ke2 Bd6 29. Nb6 Ne7 {[#]} (29... Be7 $14) 30. Rd1 $1 $16 Kg7 31. Nd7 Bc7 (31... Bb8 $16 32. Rd3 (32. Nxc5 Rxd1 33. Kxd1 Ba7 $16) 32... Nc6 33. Nxc5 Rxd3) 32. Nxc5 $18 Rxd1 33. Kxd1 {[%mdl 4096] Endgame KBN-KBN} Bb6 34. Nd3 ({Resist} 34. Nxb7 $6 Bxf2 35. Bf1 Bxg3 $16) 34... f5 (34... a5 $16 {was called for.} 35. Ke2 Bc7) 35. Ke2 fxe4 36. Nxe5 Bc7 37. Nc4 Nd5 38. Bg2 b5 39. Nd2 ({Don't do} 39. Bxe4 $6 Nxc3+ 40. bxc3 bxc4 $16) 39... b4 40. Nxe4 {Nc5 is the strong threat.} Be5 41. Kd3 Nb6 42. cxb4 Nd5 43. Kc4 Nc7 44. Nc3 Kf8 45. Bc6 Ke7 46. b5 axb5+ 47. Bxb5 ({Less strong is} 47. Nxb5 Nxb5 48. Bxb5 (48. Kxb5 Bd4 $16) 48... Bxb2 $16) 47... Nxb5 $2 {[#]} (47... Ne6 48. b4 Bd4) 48. Nxb5 Bxb2 {KB-KN} 49. Nc3 Bc1 50. b4 {[%cal Bb3b4,Bb4b5,Bb5b6][%mdl 32]} Bd2 51. Ne4 Be1 52. b5 Kd7 53. Kc5 Kc7 54. b6+ Kb7 55. Kb5 h5 56. Nc5+ {Accuracy: White = 86%, Black = 38%.} 1-0

[Event "CZE-tht Extraliga 2018-19"]
[Site "Czech Republic"]
[Date "2019.04.19"]
[Round "9.4"]
[White "Jurcik, Marian"]
[Black "Laznicka, Viktor"]
[Result "1/2-1/2"]
[WhiteElo "2494"]
[BlackElo "2666"]
[Annotator "TA"]
[PlyCount "87"]
[EventDate "2018.11.03"]
[EventType "team-tourn"]
[EventCountry "CZE"]
[SourceTitle "playchess.com"]
[Source "ChessBase"]
[SourceQuality "1"]
[WhiteTeam "Siesta"]
[BlackTeam "Novoborsky"]

{[%evp 15,87,25,54,53,42,48,54,47,53,45,54,32,33,0,0,-16,-17,-18,0,-15,0,0,0,0,0,0,0,0,0,0,0,0,0,0,0,0,0,-1,-1,-15,-15,-22,-8,-22,-8,-8,-8,-8,-8,-8,-8,-8,-8,-8,-8,-8,-8,-8,-8,-8,-8,-8,-8,-8,-8,-8,-8,-8,-8,-8,-8,-8,0,0]} 1. e4 c5 2. Nf3 d6 3. Bb5+ Nc6 4. O-O Bd7 5. Re1 Nf6 6. c3 a6 7. Bf1 Bg4 8. h3 Bh5 9. g4 {B51: Sicilian: Moscow Variation (3 Bb5+) without 3...Bd7} Bg6 10. d4 cxd4 ({But not} 10... Nxe4 $6 11. d5 $16) 11. cxd4 {White is slightly better.} e5 ({Don't blunder} 11... Nxe4 $2 12. d5 $18) 12. Nc3 Be7 13. dxe5 $146 ({Predecessor:} 13. Nd5 O-O 14. Nxe7+ Qxe7 15. d5 Nb8 16. Bg5 Nbd7 {1-0 (62) Efimenko,Z (2689)-Moiseenko,A (2711) Kiev 2012}) 13... dxe5 14. Qxd8+ Rxd8 {The position is equal.} 15. Bg5 h5 16. Bxf6 $1 Bxf6 17. Nd5 Be7 18. Rac1 {With the idea Bxa6!} hxg4 19. hxg4 {Strongly threatening Bxa6!} Rd6 20. b4 Bd8 21. a4 f6 22. Bc4 Bf7 23. b5 axb5 24. axb5 Ne7 25. Nxe7 Kxe7 26. Bxf7 Kxf7 27. Red1 Rxd1+ 28. Rxd1 $11 {[%mdl 4096] Endgame KRB-KRN} Ke6 29. Kg2 Bb6 30. g5 Rd8 31. Rxd8 Bxd8 32. gxf6 gxf6 {White must now prevent ...Kd6. KB-KN} 33. Ne1 $1 Kd6 {[#] aiming for ...Kc5.} 34. Nd3 $1 Kc7 {Threatens to win with ...Kb6.} 35. f4 exf4 36. Kf3 Kb6 37. Nb4 Kxb5 (37... Kc5 $5 38. Nd5 $8 f5 39. Nxf4 fxe4+ 40. Kxe4 Kc4 $11) 38. Nd5 Kc4 39. Kxf4 Kd4 40. Kf5 b5 41. Nb4 Bc7 42. Kxf6 Bd6 43. Nd5 Kxe4 44. Nc3+ {[%mdl 64] Double Attack. Accuracy: White = 76%, Black = 79%.} 1/2-1/2

[Event "CZE-tht Extraliga 2018-19"]
[Site "Czech Republic"]
[Date "2019.04.19"]
[Round "9.4"]
[White "Simacek, Pavel"]
[Black "Stocek, Jiri"]
[Result "1-0"]
[WhiteElo "2471"]
[BlackElo "2563"]
[Annotator "TA"]
[PlyCount "75"]
[EventDate "2018.11.03"]
[EventType "team-tourn"]
[EventCountry "CZE"]
[SourceTitle "playchess.com"]
[Source "ChessBase"]
[SourceQuality "1"]
[WhiteTeam "Turnov"]
[BlackTeam "Pardubice"]

{[%evp 18,75,49,41,22,29,29,43,44,27,44,22,20,29,63,43,65,72,67,62,154,157,149,155,151,151,148,144,212,221,210,207,218,233,222,221,212,195,227,219,243,208,235,238,397,383,695,678,650,604,1593,371,2252,1887,5069,5115,5332,5073,4622,4578]} 1. e4 c5 2. Nf3 Nc6 3. d4 cxd4 4. Nxd4 Nf6 5. Nc3 d6 6. Bg5 a6 7. Qd2 Nxd4 8. Qxd4 Qa5 9. Bxf6 gxf6 10. O-O-O Bd7 {B60: Sicilian: Richter-Rauzer: Unusual Black 6th moves and 6...Bd7 without 7 Qd2} (10... Rg8 11. Kb1 f5 12. Qd5 Qxd5 13. Nxd5 Rb8 14. e5 Rg6 15. g3 Bd7 16. exd6 Rxd6 17. Nc7+ Kd8 18. Rxd6 exd6 {½-½ (59) Georgiadis,N (2421)-Brkic,A (2568) Dubai 2014}) 11. Kb1 Rc8 12. Nd5 $146 ({Predecessor:} 12. f4 Qc5 13. Qd2 Bg7 14. f5 h5 15. g3 Bh6 16. Qd3 b5 17. Nd5 b4 18. Nf4 h4 {0-1 (35) Ulanowski,K (2144)-Nowicki,B (2251) Krakow 2014}) 12... Qc5 {White is slightly better.} 13. c3 Bc6 14. Bd3 Rg8 15. g3 Bg7 16. Rhe1 b5 17. a4 Qxd4 18. cxd4 bxa4 {[#]} (18... f5 $14) 19. Rc1 $1 $16 (19. Bxa6 Rb8 $11) 19... Bb7 20. Rxc8+ Bxc8 21. Rc1 Be6 22. Rc7 $36 {[%mdl 2048] Keeping Black busy.} ({Resist} 22. Bxa6 $6 f5 $14) 22... f5 (22... Kd8 $16 {was worth a try.}) 23. exf5 $18 ({Stronger than} 23. Rxe7+ Kf8 $11) 23... Bxd5 24. Rc8+ Kd7 25. Rxg8 Bxd4 {[%mdl 4096] Endgame KRB-KB} 26. Rg4 ({Don't play} 26. Bxa6 $6 Be4+ 27. Kc1 d5) 26... Bxf2 27. Bxa6 Bc6 {[#]} 28. Bd3 $1 Bc5 29. Bc2 a3 30. bxa3 Bxa3 $2 (30... h5 31. Rh4 Bf3) 31. Ba4 d5 $2 (31... Bxa4 32. Rxa4 Bc5) 32. Bxc6+ Kxc6 {KR-KB} 33. Rg7 f6 34. Kc2 $2 (34. Rxh7 Kd6 35. g4) 34... Kd6 $2 (34... h5 35. h4 Bc5) 35. Rxh7 {White is clearly winning.} Ke5 36. g4 Kf4 37. Rg7 Ke3 38. Kd1 {Accuracy: White = 80%, Black = 25%.} 1-0

[Event "CZE-tht Extraliga 2018-19"]
[Site "Czech Republic"]
[Date "2019.04.19"]
[Round "9.4"]
[White "Zwardon, Vojtech"]
[Black "Piesik, Piotr"]
[Result "1/2-1/2"]
[WhiteElo "2458"]
[BlackElo "2420"]
[Annotator "RC"]
[PlyCount "72"]
[EventDate "2018.11.03"]
[EventType "team-tourn"]
[EventCountry "CZE"]
[SourceTitle "playchess.com"]
[Source "ChessBase"]
[SourceQuality "1"]
[WhiteTeam "Beskydska"]
[BlackTeam "Cesky Tesin"]
[TimeControl "40/5400+30:1800+30"]

1. c4 {[%emt 0:00:00]} Nf6 {[%emt 0:00:00]} 2. g3 {[%emt 0:00:00]} e6 {[%emt 0:00:15]} 3. Bg2 {[%emt 0:00:00]} d5 {[%emt 0:00:06]} 4. Nf3 {[%emt 0:00:00]} Be7 {[%emt 0:00:16]} 5. O-O {[%emt 0:00:01]} O-O {[%emt 0:00:06]} 6. b3 {[%emt 0:00:27]} d4 {[%emt 0:05:46]} 7. e3 {[%emt 0:02:14]} Nc6 {[%emt 0:02:00]} 8. exd4 {[%emt 0:03:56]} Nxd4 {[%emt 0:00:11]} 9. Bb2 {[%emt 0:00:16]} Bc5 {[%emt 0:06:17]} 10. Na3 {[%emt 0:02:27]} e5 {[%emt 0:11:52]} 11. Nc2 {[%emt 0:15:43]} Bg4 {[%emt 0:16:25]} 12. b4 {[%emt 0:00:56]} e4 {[%emt 0:08:40]} 13. Ncxd4 {[%emt 0:04:13]} Bxd4 {[%emt 0:00:21]} 14. Bxd4 {[%emt 0:00:06]} exf3 {[%emt 0:00:47]} 15. Bxf6 {[%emt 0:00:11]} Qxf6 {[%emt 0:00:25]} 16. Re1 {[%emt 0:00:13]} Rfe8 {[%emt 0:09:07]} 17. Bf1 {[%emt 0:00:51]} Rxe1 {[%emt 0:05:52]} 18. Qxe1 {[%emt 0:02:20]} Kf8 {[%emt 0:00:05]} 19. Rb1 {[%emt 0:00:31]} Re8 {[%emt 0:00:10]} 20. Qd1 {[%emt 0:00:06]} Qe6 {[%emt 0:12:16]} 21. h3 {[%emt 0:01:50]} Bxh3 {[%emt 0:03:13]} 22. Bxh3 {[%emt 0:00:12]} Qxh3 {[%emt 0:00:02]} 23. Qxf3 {[%emt 0:00:09]} b6 {[%emt 0:00:46]} 24. Qb7 {[%emt 0:03:26]} Qd7 {[%emt 0:02:12]} 25. Rb3 {[%emt 0:06:27]} h5 {[%emt 0:05:27]} 26. Re3 {[%emt 0:06:36]} Qxd2 {[%emt 0:03:20]} 27. Rxe8+ {[%emt 0:00:16]} Kxe8 {[%emt 0:00:01]} 28. Qxc7 {[%emt 0:00:13]} Qxb4 {[%emt 0:00:49]} 29. Qb8+ {[%emt 0:00:11]} Ke7 {[%emt 0:00:08]} 30. Qxa7+ {[%emt 0:00:12]} Kf6 {[%emt 0:00:05]} 31. Qc7 {[%emt 0:00:49]} g6 {[%emt 0:02:00]} 32. Kg2 {[%emt 0:01:32]} Ke6 {[%emt 0:04:47]} 33. a4 {[%emt 0:01:24]} Qd6 {[%emt 0:00:29]} 34. Qc8+ {[%emt 0:00:50]} Qd7 {[%emt 0:00:41]} 35. Qa8 {[%emt 0:01:38]} Kd6 {[%emt 0:01:11]} 36. Kg1 {[%emt 0:01:37]} Ke5 1/2-1/2

[Event "CZE-tht Extraliga 2018-19"]
[Site "Czech Republic"]
[Date "2019.04.19"]
[Round "9.4"]
[White "Blahynka, Martin"]
[Black "Polak, Tomas"]
[Result "1/2-1/2"]
[WhiteElo "2422"]
[BlackElo "2528"]
[Annotator "TA"]
[PlyCount "78"]
[EventDate "2018.11.03"]
[EventType "team-tourn"]
[EventCountry "CZE"]
[SourceTitle "playchess.com"]
[Source "ChessBase"]
[SourceQuality "1"]
[WhiteTeam "Duras"]
[BlackTeam "Brno"]

{[%evp 20,78,12,8,14,0,7,13,12,14,18,0,0,0,0,0,12,-47,22,13,20,10,23,0,57,0,0,0,0,0,0,0,0,-6,-4,-63,-71,-68,-57,-59,-59,-73,-59,-55,-43,-53,-48,-77,-33,-45,-6,-6,-6,-12,0,0,0,-13,-8,-35,0]} 1. e4 c6 2. d4 d5 3. exd5 cxd5 4. c4 Nf6 5. Nc3 e6 6. Nf3 Bb4 7. cxd5 Nxd5 8. Bd2 Nc6 9. Bd3 O-O 10. O-O Be7 11. Re1 Bf6 {B14: Caro-Kann: Panov-Botvinnik Attack with 5...e6 and 5...g6} 12. Nxd5 exd5 (12... Qxd5 13. Be4 Qd8 14. Bc3 Ne7 15. Ne5 Nd5 16. Qh5 g6 17. Qf3 Bg7 18. Rad1 a5 19. g3 {½-½ (61) Safarli,E (2691)-Melkumyan,H (2633) London 2016}) 13. Ne5 Qb6 {The position is equal.} 14. Bc3 Be6 {[#]} 15. Qh5 $146 {[%csl Gd3][%cal Rh5h7] [#]} ({Predecessor:} 15. Rc1 Rac8 16. Bb1 g6 17. Qf3 Bg7 18. Rcd1 Rfd8 19. Qf4 {½-½ (33) Safarli,E (2527)-Braun,A (2533) Gaziantep 2008}) 15... g6 16. Qf3 Bg7 17. Qf4 Rad8 18. a4 (18. Nxc6 $11 Qxc6 19. Ba5) 18... Nb4 (18... Nxe5 $15 19. dxe5 d4) 19. Bb1 $11 a5 20. h4 Rfe8 21. Ra3 Qd6 ({Black should play} 21... Nc6 $11) 22. Rb3 (22. h5 $14) 22... f6 23. Nd3 Qxf4 $1 24. Nxf4 Bd7 25. Rxe8+ Rxe8 26. Bxb4 axb4 27. Bd3 ({White should try} 27. Re3 $11) 27... Bf8 $15 28. Bb5 Re1+ 29. Kh2 Bxb5 30. axb5 {[%mdl 4096] Endgame KRB-KRN} Re4 31. Nxd5 Rxh4+ 32. Kg3 Rxd4 33. Nxf6+ Kg7 34. Rf3 $1 h5 35. Ne8+ Kg8 36. Nf6+ Kg7 37. Ne8+ Kg8 38. Nf6+ Kh8 39. Ne8 Kg8 {Accuracy: White = 63%, Black = 50%.} 1/2-1/2

[Event "CZE-tht Extraliga 2018-19"]
[Site "Czech Republic"]
[Date "2019.04.19"]
[Round "9.5"]
[White "Krejci, Jan"]
[Black "Rydl, Jiri"]
[Result "1/2-1/2"]
[WhiteElo "2588"]
[BlackElo "2428"]
[Annotator "RC"]
[PlyCount "86"]
[EventDate "2018.11.03"]
[EventType "team-tourn"]
[EventCountry "CZE"]
[SourceTitle "playchess.com"]
[Source "ChessBase"]
[SourceQuality "1"]
[WhiteTeam "Novoborsky"]
[BlackTeam "Siesta"]
[TimeControl "40/5400+30:1800+30"]

1. d4 {[%emt 0:00:00]} d5 {[%emt 0:00:00]} 2. c4 {[%emt 0:00:36]} c6 {[%emt 0:00:04]} 3. Nc3 {[%emt 0:00:41]} Nf6 {[%emt 0:00:33]} 4. e3 {[%emt 0:00:09]} e6 {[%emt 0:00:21]} 5. Nf3 {[%emt 0:00:30]} Nbd7 {[%emt 0:00:11]} 6. Qc2 {[%emt 0:00:47]} Bd6 {[%emt 0:00:56]} 7. Bd3 {[%emt 0:00:06]} O-O {[%emt 0:00:30]} 8. O-O {[%emt 0:00:04]} h6 {[%emt 0:02:05]} 9. h3 {[%emt 0:00:09]} b6 {[%emt 0:02:15]} 10. b3 {[%emt 0:00:06]} Bb7 {[%emt 0:00:08]} 11. Bb2 {[%emt 0:00:05]} Re8 {[%emt 0:10:53]} 12. Rad1 {[%emt 0:00:16]} Qc7 {[%emt 0:00:59]} 13. Rfe1 {[%emt 0:02:47]} Rad8 {[%emt 0:01:52]} 14. a3 {[%emt 0:06:50]} Qb8 {[%emt 0:16:34]} 15. e4 {[%emt 0:08:20]} dxc4 {[%emt 0:09:06]} 16. Bxc4 {[%emt 0:03:06]} b5 {[%emt 0:02:18]} 17. Bf1 {[%emt 0:04:48]} e5 {[%emt 0:01:29]} 18. dxe5 Nxe5 {[%emt 0:01:26]} 19. Nh4 {[%emt 0:10:22]} Bf8 {[%emt 0:14:21]} 20. Nf5 {[%emt 0:06:10]} g6 {[%emt 0:06:24]} 21. Ng3 {[%emt 0:00:19]} h5 {[%emt 0:05:16]} 22. Rxd8 {[%emt 0:04:44]} Qxd8 {[%emt 0:01:50]} 23. Be2 {[%emt 0:03:22]} Qb6 {[%emt 0:02:17]} 24. Qd2 {[%emt 0:06:44]} Kh7 {[%emt 0:05:20]} 25. Rd1 {[%emt 0:04:20]} a6 {[%emt 0:01:07]} 26. Qf4 {[%emt 0:03:39]} Re6 {[%emt 0:02:22]} 27. Bc1 {[%emt 0:00:35]} Ng8 {[%emt 0:02:01]} 28. Qd2 {[%emt 0:08:57]} Rf6 {[%emt 0:02:32]} 29. Nh1 {[%emt 0:02:19]} Rd6 {[%emt 0:05:16]} 30. Qc2 {[%emt 0:00:51]} Rxd1+ {[%emt 0:00:06]} 31. Bxd1 {[%emt 0:01:33]} a5 {[%emt 0:01:17]} 32. Be3 {[%emt 0:02:16]} c5 {[%emt 0:01:40]} 33. Be2 {[%emt 0:01:59]} b4 {[%emt 0:01:03]} 34. axb4 {[%emt 0:00:04]} axb4 {[%emt 0:00:06]} 35. Na4 {[%emt 0:01:59]} Qc6 {[%emt 0:00:05]} 36. f3 {[%emt 0:00:21]} c4 {[%emt 0:01:48]} 37. bxc4 {[%emt 0:00:33]} Ba6 {[%emt 0:00:29]} 38. Nb2 {[%emt 0:03:44]} Bc5 {[%emt 0:00:14]} 39. Bxc5 {[%emt 0:00:08]} Qxc5+ {[%emt 0:00:04]} 40. Nf2 {[%emt 0:00:05]} Ne7 {[%emt 0:01:55]} 41. Qa4 {[%emt 0:32:55]} Qe3 {[%emt 0:05:22]} 42. Bf1 {[%emt 0:00:00]} Qa3 {[%emt 0:00:41]} 43. Nfd1 {[%emt 0:00:00]} Bxc4 {[%emt 0:10:48]} 1/2-1/2

[Event "CZE-tht Extraliga 2018-19"]
[Site "Czech Republic"]
[Date "2019.04.19"]
[Round "9.5"]
[White "Votava, Jan"]
[Black "Vykouk, Jan"]
[Result "1/2-1/2"]
[WhiteElo "2518"]
[BlackElo "2441"]
[Annotator "ChessBase"]
[PlyCount "69"]
[EventDate "2018.11.03"]
[EventType "team-tourn"]
[EventCountry "CZE"]
[SourceTitle "playchess.com"]
[Source "ChessBase"]
[SourceQuality "1"]
[WhiteTeam "Pardubice"]
[BlackTeam "Turnov"]
[TimeControl "40/5400+30:1800+30"]

1. d4 e6 2. c4 f5 3. Nc3 Nf6 4. g3 c6 5. Bg2 d5 6. Nf3 Bd6 7. Bf4 Bxf4 8. gxf4 O-O 9. e3 b6 10. Ne5 Bb7 11. h4 Nbd7 12. h5 h6 13. Qb3 Nxe5 14. fxe5 Ne4 15. f4 Ba6 16. cxd5 Nxc3 17. Qxc3 cxd5 18. Qa3 Bb5 19. Rc1 Rc8 20. Rxc8 Qxc8 21. Kd2 Rf7 22. Rc1 Rc7 23. Rxc7 Qxc7 24. Qb4 Qc4 25. Qxc4 Bxc4 26. b3 Bb5 27. Bf3 Kf7 28. Be2 Be8 29. Ke1 Ke7 30. Kf2 Kd8 31. Kg3 Kc7 32. Kh4 a5 33. a3 Bd7 34. Bd3 Bc6 35. Be2 1/2-1/2

[Event "CZE-tht Extraliga 2018-19"]
[Site "Czech Republic"]
[Date "2019.04.19"]
[Round "9.5"]
[White "Rasik, Vitezslav"]
[Black "Kanovsky, David"]
[Result "1/2-1/2"]
[WhiteElo "2468"]
[BlackElo "2425"]
[Annotator "TA"]
[PlyCount "59"]
[EventDate "2018.11.03"]
[EventType "team-tourn"]
[EventCountry "CZE"]
[SourceTitle "playchess.com"]
[Source "ChessBase"]
[SourceQuality "1"]
[WhiteTeam "Ostrava"]
[BlackTeam "Poruba"]

{[%evp 18,59,-3,-16,21,0,0,-8,0,-3,33,27,39,0,8,0,0,0,0,0,0,0,0,-10,30,28,48,40,109,84,87,89,142,151,156,96,96,85,78,60,80,0,0,0]} 1. e4 e6 2. Qe2 Be7 3. Nf3 d5 4. d3 Nf6 5. g3 b6 6. Bg2 Bb7 7. Nbd2 c5 8. O-O Nc6 9. Re1 Qc7 10. c3 Ba6 {C00: French: Unusual White 2nd moves} (10... h6 11. h4 O-O-O 12. Nf1 dxe4 13. dxe4 Ng4 14. Bf4 Nge5 15. Rad1 Rxd1 16. Rxd1 Rd8 17. Rxd8+ Kxd8 18. Nxe5 Nxe5 19. Qh5 {½-½ (33) Andriasian,Z (2586)-Akobian,V (2640) chess.com INT 2018}) 11. e5 Nd7 12. h4 h6 13. Nf1 g5 14. hxg5 hxg5 15. N1h2 Rxh2 $146 (15... O-O-O {is more complex.} 16. Ng4 Rh5 17. Bd2 Rdh8 18. Rab1 c4) ({Predecessor:} 15... O-O-O 16. Ng4 Rdg8 17. Bd2 Qd8 18. b4 cxb4 19. cxb4 Bxb4 {0-1 (37) Maia,J (2225)-Dianda,J Brazil 1997}) 16. Nxh2 Ndxe5 17. Qh5 {And now Qh8+ would win.} O-O-O 18. Bxg5 Bxg5 19. Qxg5 Nxd3 {[%mdl 64] [#] Double Attack} 20. Bf1 c4 21. Bxd3 cxd3 22. Nf3 d4 (22... e5 $14) 23. Rac1 {Strongly threatening cxd4.} Rd5 24. Qg8+ Kb7 (24... Rd8 $142 25. Qg5 dxc3 26. Rxc3 Rd5 27. Qg8+ Rd8) 25. cxd4 $16 Rf5 26. Re3 ({White should play} 26. Nd2) 26... Qd7 27. Qg4 Rd5 {[%cal Rc6d4]} 28. Qe4 Kb8 {[%cal Rc6d4]} 29. Rxd3 ({Better is} 29. Kg2 $16) 29... Bxd3 $11 30. Qxd3 {Accuracy: White = 69%, Black = 43%.} 1/2-1/2

[Event "CZE-tht Extraliga 2018-19"]
[Site "Czech Republic"]
[Date "2019.04.19"]
[Round "9.5"]
[White "Langner, Ladislav"]
[Black "Rausis, Igors"]
[Result "1/2-1/2"]
[WhiteElo "2375"]
[BlackElo "2653"]
[Annotator "TA"]
[PlyCount "45"]
[EventDate "2018.11.03"]
[EventType "team-tourn"]
[EventCountry "CZE"]
[SourceTitle "playchess.com"]
[Source "ChessBase"]
[SourceQuality "1"]
[WhiteTeam "Cesky Tesin"]
[BlackTeam "Beskydska"]

{[%evp 10,45,5,4,8,6,29,-16,-5,-11,0,-5,-4,0,4,0,0,0,0,0,6,0,0,0,0,0,0,0,0,0,13,0,0,-25,-24,-32,-32,-32]} 1. Nf3 d5 ({Predecessor:} 1... c5 2. g3 b6 3. Bg2 Bb7 4. O-O Nf6 5. d3 d5 6. c4 e6 7. cxd5 Nxd5 8. Nc3 Be7 9. Nxd5 Bxd5 10. Bd2 {1-0 (39) Walker,D (2320)-Quinn,M (2275) Plymouth 1992}) 2. g3 Nf6 3. Bg2 e6 4. O-O Be7 5. d3 O-O 6. c4 b6 {A14: English Opening: 1...e6 with b3 by White} 7. cxd5 Nxd5 8. Nc3 $146 (8. d4 Bb7 9. Re1 c5 10. e4 Nc7 11. Nc3 cxd4 12. Nxd4 Nc6 13. Be3 Nxd4 14. Bxd4 {½-½ (29) Grischuk,A (2771)-Tomashevsky,E (2705) St Petersburg 2018}) 8... Bb7 {The position is equal.} 9. Nxd5 Bxd5 10. Bd2 c5 11. Bc3 Nd7 12. e4 Bb7 13. Qe2 b5 {[%cal Bb6b5,Bb5b4][%mdl 32]} 14. b3 a5 15. a4 b4 16. Bb2 Bf6 17. e5 Be7 18. Nd2 Bxg2 19. Kxg2 Nb6 20. Nc4 Ra7 21. Nxb6 Qxb6 22. Rac1 Rd8 23. f4 {Accuracy: White = 47%, Black = 74%.} 1/2-1/2